| 000 | 00765na a2200253 4500 | ||
|---|---|---|---|
| 001 | 21792 | ||
| 003 | MIRAKIL | ||
| 005 | 20181213155136.0 | ||
| 008 | 170207b tu 000 0 | ||
| 035 | _a19802 | ||
| 040 |
_aMilas _btur _cTR-AnCHP |
||
| 041 | _atur | ||
| 082 |
_a324.64 _bS67 1994 |
||
| 090 | _a324.64 S67 1994 | ||
| 245 |
_aSosyal demokrat seçmen tabanı araştırması _b(Birinci aşama) _cNejat Erder ... [ve öte.] |
||
| 260 |
_aAnkara _bTÜSES Yayınları _c1994 |
||
| 300 |
_a147 s. _btbl. _c23 sm. |
||
| 650 |
_aSeçmen davranışı _xAraştırma |
||
| 650 |
_aSeçmenler _zTürkiye |
||
| 650 |
_aSiyasal katılm _zTürkiye |
||
| 650 |
_aSiyasal partiler _xSosyal demokrat partiler _zTürkiye |
||
| 700 | _aErder, Nejat | ||
| 942 |
_2ddc _cBKS |
||
| 999 |
_c7357 _d7357 |
||